| 000 | 00955nam a2200241Ia 4500 | ||
|---|---|---|---|
| 999 |
_c5317 _d5317 |
||
| 003 | OSt | ||
| 005 | 20200527204612.0 | ||
| 008 | 191128s2010 a ad fr 000 0dspa d | ||
| 020 | _a9780324782387 | ||
| 040 |
_aCO-JMCR _cCO-JMCR |
||
| 041 | 0 | _aeng | |
| 082 | 0 | 4 |
_a330 / _bT811e _223 |
| 100 | 1 |
_aTucker, Irvin B, _eautor _94779 |
|
| 245 | 1 | 0 |
_aEconomics for todays world / _cIrvin B. Tucker |
| 250 | _aSexta edición | ||
| 260 |
_aAustralia : _bSouth-Western, _c2010 |
||
| 300 |
_axxxii, 845 páginas : _bIlustraciones y gráficas a color ; _c26 cm. |
||
| 500 | _aIncluye datos bibliográficos del autor. | ||
| 505 | 0 | _aIntroduction to economics -- Microeconomic fundamentals -- Market structures -- Microeconomic policy issues --Macroeconomic fundamentals -- Macroeconomic theory and policy -- Money banking and monetary policy -- The international economy | |
| 546 | _aTexto en Inglés | ||
| 650 | 0 | 4 |
_aTeoría económica _91066 |
| 942 |
_2ddc _cBK |
||